Sports Quiz

Random Sports or City Quiz

NHL teams by city initials Quiz Stats

Quiz not verified by Sporcle

Challenge
Share
Tweet
Embed
Score 0/30 Timer 10:00
0 Plays Today
Hint Answer % Correct
BUFSabres
97.4%
EDMOIlers
97.4%
LAKKings
97.4%
BOSBruins
94.9%
ANADucks
94.9%
CGYFlames
94.9%
CBJBlue Jackets
94.9%
DALStars
94.9%
NSHPredators
94.9%
NYIIslanders
94.9%
NJDevils
94.9%
PHIFlyers
94.9%
ARZCoyotes
94.9%
STLBlues
94.9%
TBLLightning
94.9%
Hint Answer % Correct
VANCanucks
94.9%
WAS Capitals
94.9%
TORMaple Leafs
94.9%
CARHurricanes
92.3%
CHIBlackhawks
92.3%
COLAvalanche
92.3%
DETRed wings
92.3%
FLAPanthers
92.3%
MINWild
92.3%
MTLCanadiens
92.3%
NYRRangers
92.3%
OTTSenators
92.3%
PITPenguins
92.3%
SJSharks
92.3%
WPGJets
92.3%

You're not logged in!

Compare scores with friends on all Sporcle quizzes.
Sign Up with Email
OR
Log In

You Might Also Like...

Show Comments

Extras

Top Quizzes Today


Score Distribution

Your Account Isn't Verified!

In order to create a playlist on Sporcle, you need to verify the email address you used during registration. Go to your Sporcle Settings to finish the process.